| 000 | 00784nam a22001577a 4500 | ||
|---|---|---|---|
| 003 | OSt | ||
| 005 | 20151111145308.0 | ||
| 008 | 151111b xxu||||| |||| 00| 0 eng d | ||
| 040 | _c RUA | ||
| 082 | _aFOR TAN 2006 B132 Or.1 | ||
| 100 |
_93559 _aTANG, HOL. |
||
| 245 | _aStudy taking available benefit from tamao zoological garden and wildlife resue center by local community, ការសិក្សាពីលទ្ធភាពទាញយកអត្តប្រយោជន៏របស់សហគមន៏មូលដ្ឋានពីឧទ្យានសួនសត្វ និងមជ្ឍមណ្ឌលសង្រ្គោះសត្វព្រៃភ្នំតាម៉ៅ | ||
| 260 |
_aPhnom Penh _bRUA _c2006 |
||
| 300 |
_aix; 56p. _bill. _c29cm. |
||
| 942 |
_2ddc _cFOR |
||
| 999 |
_c3314 _d3314 |
||